OvO Game Level Names (Old) - Statistics

General Stats
  • This quiz has been taken 15 times
    10 since last reset
  • The average score is 26 of 52
Answer Stats
Level Answer % Correct
2 Hard
88%
3 Harder
88%
4 Hardest
88%
1 Start
88%
16 A Way Down
75%
21 A Way Up
75%
7 Godlike
75%
6 Impossible
75%
24 Maelstrom
75%
14 Timing
75%
8 A Wise Decision
63%
5 Hellish
63%
9 Jump & Dive
63%
23 Leap of Faith
63%
18 Mirrored Room 1
63%
20 Mirrored Room 2
63%
19 Mr. Spikes House
63%
25 Simple Mechanics
63%
17 Take It Slow
63%
12 A Little Wall Maze
50%
13 A Matter of Speed
50%
10 A Matter of Strength
50%
48 Binary
50%
15 Deadly Contraption 1
50%
31 Hilarious Quadrilateral
50%
22 Pendulum
50%
11 Reactivity
50%
32 Run For Your Life
50%
51 The Twin Towers
50%
26 Three Doors
50%
52 Andromeda
38%
45 Arithmetic
38%
28 Deadly Contraption 2
38%
40 Final Exam
38%
29 Friendly Little Platform 1
38%
30 Friendly Little Platform 2
38%
39 Graduation
38%
43 Hysterical Quadrilateral
38%
47 Rocket Science
38%
33 Selection exam
38%
49 The Iron Maiden
38%
50 Threading the Needle
38%
44 Back-Propagation
25%
27 Mirrored Room 3
25%
42 Procedural
25%
46 Recursion
25%
37 Test of Accuracy
25%
38 Test of Adaptation
25%
35 Test of Instinct
25%
34 Test of Intelligence
25%
36 Test of Speed
25%
41 Initialisation
13%
No matching quizzes found
Score Distribution
Percent of People with Each Score
Percentile by Number Answered
Your Score History
You have not taken this quiz since the last reset